Top 20 equipos de futbol con mas titulos oficiales del mundo - Estadísticas

Estadísticas generales
  • Esta prueba ha sido intentada 80 veces
  • La puntuación promedio es 15 de 20
Estadísticas de respuestas
Pais Numero De trofeos Equipo % Correcto
6. España 98 Real Madrid
99%
8. Portugal 83 Benfica
94%
15. Inglaterra 66 Manchester United
93%
4. Escocia 115 Celtic
91%
2. Escocia 117 Rangers
91%
14. Italia 68 Juventus
90%
17. Inglaterra 63 Liverpool
88%
13. Paises Bajos 73 Ajax
87%
9. Alemania 81 Bayern Munich
87%
12. Portugal 79 Porto
85%
16. Turquia 64 Galatasaray
81%
7. España 92 Fc Barcelona
78%
5. Uruguay 110 Peñarol
76%
3. Uruguay 116 Nacional
66%
1. Egipto 124 Al Ahly
62%
20. Paraguay 56 Olimpia
62%
18. Belgica 60 Anderlecht
50%
11. Grecia 80 Olympiacos
46%
19.Rumania 60 Steaua Bucarest
46%
10. Jordania 81 Al-Faisalily
1%
No se encontraron pruebas coincidentes
Distribución de puntuación
Porcentaje de gente con cada puntuación
Porcentaje por número respondido
Historial de tus puntuaciones
No has intentado esta prueba.